000 00389 a2200169 4500
001 71936
020 _a8571236844
040 _cAnchieta - Colégio São Paulo
100 _aMiller, Linda Leal
240 1 0 _aFuga de Cabriz
_lpor
245 1 0 _aFuga de Cabriz
300 _a207
362 0 _a2000
440 1 _aBest Seller
650 4 _aFicção norte-americana em inglês
942 _cBK
999 _c71936
_d71936